000 00517nam a2200193Ia 4500
005 20250326142458.0
008 250326s9999 xx 000 0 und d
020 _a0-03-024574-5
037 _aTextbook
040 _aFMSL
_beng
_cFMSL
041 _aeng
_2eng
084 _aX:8.1 N8
_qFMSL
100 _aHolt David H
245 0 _aInternational management :text and cases
_cHolt David H
260 _aNY
_bNY, Dryden
_c1998
300 _axx,844
942 _cTB
_hX:8.1 N8
999 _c1295217
_d1295217